Nombres premiers entre 0 et 100 - Statistiques

Statistiques générales
  • Ce quiz a été pris 25 667 fois
  • Le résultat moyen est 14 sur 25
Statistiques - réponses
Nombre % Correct
2
99%
3
99%
5
98%
7
98%
11
95%
13
94%
17
92%
19
88%
23
87%
29
77%
31
72%
37
65%
41
52%
43
47%
47
45%
53
32%
59
25%
61
21%
67
20%
71
14%
73
12%
79
10%
97
10%
83
9%
89
8%
Aucun quiz correspondant
Distribution des résultats
% des personnes avec chaque résultat
Percentile par nombre de réponses
Votre historique - résultats
Vous n’avez pas pris ce quiz